00361nam a2200121Ia 4500008004100000082001100041245004200052250000600094260004800100300000700148630004200155730004200197090124s9999 xx 000 0 und d b204082 a जमीन पक रही है a1 bसिंह केदारनाथc1982 a95 a जमीन पक रही है a जमीन पक रही है